| 000 | 00684nam a2200229 a 4500 | ||
|---|---|---|---|
| 005 | 20241023063850.0 | ||
| 008 | 170620s2006 es r 000 0 spa d | ||
| 020 | _a8496388409 | ||
| 035 | _aUPN01000218921 | ||
| 049 | _aI | ||
| 050 | 4 |
_aQL544.2 _bM3.5 |
|
| 100 | 1 |
_aMari, Iela _936625 |
|
| 245 | 1 | 3 |
_aLa manzana y la mariposa / _cIela y Enzo Mari. |
| 260 |
_aSevilla [Esp.] : _bKalandraka, _c2006. |
||
| 300 |
_a35 p. : _bil. col. |
||
| 440 | 0 | _aLibros para soñar | |
| 534 |
_pTítulo original : _tLa mela e la farfalla |
||
| 650 | 4 |
_aMARIPOSAS - _vLITERATURA INFANTIL _920151 |
|
| 650 | 2 |
_aEvolución (Biología) _912397 |
|
| 700 | 1 |
_aMari, Enzo, _ecoaut. |
|
| 905 | _aInfantil | ||
| 999 |
_c191021 _d191021 |
||